Statistics for Biggest North-American cities in each cardinal direction, with a map

Click here to take the quiz!

General Stats

  • This quiz has been taken 126 times
    (25 since last reset)
  • The average score is 21 of 28

Answers on the Map

Answers color-coded by a green-red scale on the quiz's map according to % correct below.
 

Answer Stats

PopCity% Correct
7.70 MBoston
100%
9.65 MChicago
100%
25.1 MMexico City
100%
22.0 MNew York
100%
7.70 MToronto
100%
3.07 MVancouver
100%
249 kAnchorage
96%
17.2 MLos Angeles
96%
1.41 MPanama City
96%
4.47 MSeattle
96%
1.46 MCalgary
92%
3.35 MGuatemala City
92%
7.45 MSan Francisco
92%
2.45 MSan Jose
88%
1.91 MSan Juan
88%
3.85 MSanto Domingo
88%
1.43 MEdmonton
83%
348 kHalifax
83%
71.3 kFairbanks
75%
185 kSt. John's
75%
19.8 kNuuk
71%
4.22 MPuebla
50%
363 kVictoria
50%
251 kLes Abymes
25%
205 kLa Chorrera
21%
57.4 kChitré
13%
103 kDavid
13%
10.0 kLas Tablas
13%

Score Distribution

Percentile by Number Answered

Percent of People with Each Score

Your Score History

You have not taken this quiz since the last reset